00555nam a2200169Ia 4500008004100000100001900041245007700060245001900137260005900156260000900215300001000224650001800234650001500252856002600267999001900293952007300312170221s9999 xx 000 0 und d aSusan D. Myers aFacebook and Pharmaceutical Companies: An Industry in Need of Guidance  cSusan D. Myers bOnline Journal of Communication and Media Technologies c2016 a5 : 2 xCommunication xMedia Arts uhttp://www.ojcmt.net/ c313012d313012 001040aCLbCLd2017-02-21l0r2017-02-21 00:00:00w2017-02-21yFOJ